MDQL
is popping MORE tags! Check the
thread
!
Quizzes
Events
Quiz Creation
Community
Videos
Private Events
Remove Ads
Sign In
Join for FREE
Feedback
Dark Mode
Quiz Categories
Sports
Geography
Music
Movies
Television
Just For Fun
Miscellaneous
History
Literature
Language
Science
Gaming
Entertainment
Religion
Holiday
For Kids
Quiz Lab
Recent
Popular Today
Quiz Kudos Today
Editor Picks
Curator Picks
Quizzes by...
Day
Popularity
Type
Ratings
Length
Year
Community
Subscriptions
Recent Discussions
Orange Saloon
Badges
Playlists
Quests
Create
Leaderboards
Showdown
Live 5
Trivia Bingo
Activity
Puzzle Library
Sporcle Events
Private Events
Virtual Trivia
Globe League
Become a Host
Pub Owners
SporcleCon
Opinionation
Our Games
Videos
Blog
Mobile Apps
Partnerships
Remove Ads and Go Orange
Feedback
Just For Fun
Clickable
Get the Picture
Humor
Quick Pick
Word Ladder
Missing Word
Mixed Word
Blitz
Minefield
This or That
Alphabet
Color
Typing
Sporcle
Puzzle
Word Play
Follow That Line
Logic
Just For Fun
Clickable
Get the Picture
Humor
Quick Pick
Word Ladder
Missing Word
Mixed Word
Blitz
Minefield
This or That
Alphabet
Color
Typing
Sporcle
Puzzle
Word Play
Follow That Line
Logic
Random Quiz
Search Sporcle
×
Quiz Lab
Quiz Lab
Just For Fun
Type in answers that appear in a list
Type in answers that appear in a list
Classic
Best Score? Go Orange.
Sailor Moon Characters Stats
Can you name the Sailor Moon Characters?
By
MebeStella
10m
17 Questions
303 Plays
303 Plays
303 Plays
Comments
Comments
Give Quiz Kudos
Give Quiz Kudos
-
- Ratings
hide this ad
More Info
Random Order
Randomize order of answers
Randomize order of answers
Replay
Link that replays current quiz
Next Quiz
Link to next quiz in quiz playlist
You Got
0%
They Got
Avg Score
64%
Avg Friend Score
Upgrade to see
Score Distribution
Jump to the score distribution portion of the page
Score
0/17
Timer
10:00
0
Plays Today
1994
Names
% Correct
Main Character
Serena
96.7%
She Is The Smartest
Amy
88.8%
She Can Read Fire
Rei
84.8%
Blue/
Purple cat
Luna
82.2%
Her dream is to be a singer
Mina
81.2%
Mini Moon
Rini
78.9%
White Cat
Artemis
76.9%
Tuxedo Mask
Darien
70.3%
Sailor uranus
amara
70.3%
1994
Names
% Correct
sailor neptune
michelle
68%
Serena's Best Friend
Molly
67.7%
she has the power of time
Trista
61.1%
She has the power to destroy the world
Hotaru
54.8%
queen of the dark kingdom
Queen Beryl
47.5%
Serena's little brother
Sammy
46.9%
She is Tough And good at fighting
Lida
22.8%
6.3%
Quiz Playlist
Details
Report
Send in Message
Add To Playlist
More Info:
I love this show so much!
Classic:
Type in answers that appear in a list
Random Order:
Randomize order of answers
Quiz Source
Last Updated: Feb 16, 2017
Quiz Scoreboard
CHALLENGE
Sign Up to Join the Scoreboard
Show All
Scores
Hide
Comments
May contain spoilers
Recently Published
Image Sorting: Flags VI
by Barbecue
Geography
2m
Find the 'City' Movie
by crazypaving
Movies
60s
Colored Red Africa Blitz
by spor1
Geography
45s
More to Explore
Quiz From the Vault
Featured Blog Post
14 Easter Pick-up Lines to Find Eggs With
hide this ad
You Might Also Like...
Tags
This quiz does not have any tags.
Today's Top Quizzes in Just For Fun
Browse Just For Fun
hide this ad
Top Contributed Quizzes in Just For Fun
1
Name Just One - 10 to 1: Just For Fun
2
Missing Word: 2-Letter A-Z II
3
Avatar the Last Airbender: Logic Puzzle
4
Missing Letter Whitney Houston Songs
5
It's Magic / Witchcraft 🎩🪄🧙♀️
6
Survivor Winners Logic Puzzle
7
Missing Word: 'Of' Things A-Z
8
Killer Double Trees 224 - Colour Match-Up
9
Click the Differences: Playground
10
Missing Word: 'Of' Things A-Z II
Explore More
Trending Topics
Kpop
Marvel
Harry Potter
Anime
Crossword
NBA
Disney
Pokémon
Country
NFL
WWE
Soccer
Song
The Office
Puzzle
hide this ad
More By:
MebeStella
Quiz
Plays
Rating
Category
Featured
Created
Sailor Moon Characters
303
1.00
Just For Fun
Jul 21, 2010
Go to Creator's Profile
Score Distribution
Quiz Creator Spotlight
MebeStella
Follow
Send a Message
Quizzes Created
-
Created Quiz Play Count
-
More By This Creator
Popular Quizzes Today
1
Colored Red Africa Blitz
2
Find the US States - No Outlines Minefield
3
Find the 'City' Movie
4
5x2 Blitz: Bands
5
The Countries of the World
6
Find the US States
7
Find the Countries of Europe - No Outlines Minefield
8
US States
More Just For Fun Quizzes
Alpha-Numeric Box Blitz
Published
Trending Quizzes
Colored Red Europe Blitz I
Colored Red Europe Blitz II
Colored Red Africa Blitz II
Colored Red Europe Blitz III
Colored Red Africa Blitz III
Recently Updated
How Do You Spell That?
pecheneg
Godzilla Movies
pecheneg
Grab Bag: 4-10 Letters
pecheneg
2024 March Madness Bracket
pecheneg
Famous TV Couples
Peacemaker
Champions League XIs: Real Madrid
pecheneg
Largest US Cities 1790-2010
pecheneg
Rides in Walt Disney World
pecheneg
Most Oscar Losses (Acting)
pecheneg
Beyoncé Albums
pecheneg
Trending Topics
Marvel
Harry Potter
Kpop
Crossword
Anime
Disney
NBA
Soccer
The Office
Country
WWE
Song
NFL
Puzzle
Pokémon
Your Account Isn't Verified!
In order to create a playlist on Sporcle, you need to verify the email address you used during registration. Go to your
Sporcle Settings
to finish the process.
Report this User
Report this user for behavior that violates our
Community Guidelines
.
Details:
Send Report
Go to the Sporcle.com Mobile Site →
Comments